000
00467nam a2200169Ia 4500
008
090711s9999 xx 000 0 und d
082
_b
57774
100
_a
काकडे द. स.
245
_a
सात एकर जमीन
260
_c
1987
300
_a
279
600
_a
काकडे द. स.
630
_a
सात एकर जमीन
700
_a
काकडे द. स.
730
_a
सात एकर जमीन
942
_c
BOOK
999
_c
303544
_d
303544